000
00352nam a22001577a 4500
005
20160629123317.0
008
160629b xxu||||| |||| 00| 0 eng d
020
_a
978-0-07-0253-0
041
_a
eng
082
_b
10819
245
_a
Harvard Business Review
260
_b
Harvard B press
300
_a
191
650
_a
Management
_9
241
942
_c
BK
999
_c
4651
_d
4649